| 000 | 00811cam a2200241 a 4500 | ||
|---|---|---|---|
| 005 | 20251006130933.0 | ||
| 020 |
_a8185902704 _cTZS 47,035.80 |
||
| 040 |
_aMCCL _beng. _eAACR 2nd rev. ed. |
||
| 082 | _a347. 05 PRE | ||
| 100 | 1 | _aPrem, Daulat Ram. | |
| 245 | 1 | 0 |
_aPrem's law of Habeas corpus, fundamental rights, and other writs : _bwith high court rules & model forms / _cD.R. Prem ; revised by R. Chakraborty. |
| 246 | 3 | 0 | _aLaw of Habeas corpus, fundamental rights, and other writs |
| 246 | 3 | 0 | _aHabeas corpus |
| 250 | _a3rd ed. | ||
| 260 |
_aNew Delhi : _bAshoka Law House, _cc2006. |
||
| 300 |
_aclxviii, 1760 p. : _c25 cm. |
||
| 500 | _aIncludes index. | ||
| 546 | _aeng. | ||
| 650 | 0 |
_aHabeas corpus _zIndia. |
|
| 650 | 0 |
_aExtraordinary remedies _zIndia. |
|
| 700 | 1 | _aChakraborty, R. | |
| 942 | _cBK | ||
| 999 |
_c12093 _d12093 |
||